Zahranično-obchodné vzťahy členských krajín EHS a ČSSR kandidátska dizertačná práca

Enregistré dans:
Détails bibliographiques
Auteur principal: Čabelková, Annemaria
Collectivité auteur: Vysoká škola ekonomická v Bratislave
Autres auteurs: Hronský, Filip
Format: Livre
Langue:slovaque
Publié: Bratislava 1982
Sujets:
Tags: Ajouter un tag
Pas de tags, Soyez le premier à ajouter un tag!

MARC

LEADER 00000nam a2200000 4500
001 c110792
005 20230116083834.6
041 0 |a slo 
044 |a SK 
245 1 0 |a Zahranično-obchodné vzťahy členských krajín EHS a ČSSR  |b kandidátska dizertačná práca  |c Annemaria Čabelková ; školiteľ: Filip Hronský 
264 1 |a Bratislava  |c 1982 
300 |a 200 s. 
610 2 0 |a vzťahy hospodárske medzinárodné 
610 2 0 |a vzťahy obchodné 
610 2 0 |a deľba práce medzinárodná 
610 2 0 |a únie menové 
610 2 0 |a únie hospodárske 
610 2 0 |a Európa 
610 2 0 |a obchod zahraničný 
610 2 0 |a ČSSR 
610 2 0 |a Európske spoločenstvá 
100 1 |a Čabelková, Annemaria 
700 1 |a Hronský, Filip 
710 2 |a Vysoká škola ekonomická v Bratislave